General Knowledge - Statistics

General Stats
  • This quiz has been taken 7 times
    6 since last reset
  • The average score is 8 of 20
Answer Stats
Hint Answer % Correct
When was the first photograph taken (decade) 1820s
100%
When did the American Civil War begin 1861
83%
How many (main) layers does the earth have 4
83%
What is the main gas found in the Earth’s atmosphere? Nitrogen
83%
What is the most common birthday month? September
83%
When was Spotify created? 2006
67%
In what century was the Mona Lisa painted? 16th
50%
What is highest grossing movie of all time? Avatar
50%
What is the derivative of e**x? e**x
50%
When was the first car built? 1885
33%
Which country has most millionaires per capita? Switzerland
33%
The most streamed song on Spotify was released by which artist The Weeknd
33%
What is Dire Straits's most streamed song on Spotify? Sultans of Swing
17%
Who invented the first X-ray? Wilhelm Röntgen
17%
What is the closest synonym to the word "invariably" Always
0%
what does an ampere measure? Electric Current
0%
The world's richest musician as of 2025 Jay-Z
0%
In which country did Coleslaw originate in? Netherlands
0%
Largest non-coastal city in the Americas by population Sao Pauo
0%
Which country consumes the most tea per capita Turkey
0%
No matching quizzes found
Score Distribution
Percent of People with Each Score
Percentile by Number Answered
Your Score History
You have not taken this quiz since the last reset